Strategic management : (Record no. 11495)
[ view plain ]
| 000 -LEADER | |
|---|---|
| fixed length control field | 01364nac a22003135a 4500 |
| 008 - FIXED-LENGTH DATA ELEMENTS--GENERAL INFORMATION | |
| fixed length control field | 150817t1998 maua frb 001 0 eng d |
| 010 ## - LIBRARY OF CONGRESS CONTROL NUMBER | |
| LC control number | 97031064 |
| 020 ## - INTERNATIONAL STANDARD BOOK NUMBER | |
| International Standard Book Number | 0256237387 (acid-free paper) |
| 020 ## - INTERNATIONAL STANDARD BOOK NUMBER | |
| International Standard Book Number | 0071155775 |
| 020 ## - INTERNATIONAL STANDARD BOOK NUMBER | |
| International Standard Book Number | 9780071155779 |
| 040 ## - CATALOGING SOURCE | |
| Original cataloging agency | EG-ScBUE |
| Language of cataloging | eng |
| Transcribing agency | EG-ScBUE |
| 082 04 - DEWEY DECIMAL CLASSIFICATION NUMBER | |
| Classification number | 658.4012 |
| Item number | THO |
| Edition number | 22 |
| 100 1# - MAIN ENTRY--PERSONAL NAME | |
| Personal name | Thompson, Arthur A., |
| 9 (RLIN) | 4577 |
| 245 10 - TITLE STATEMENT | |
| Title | Strategic management : |
| Remainder of title | concepts and cases / |
| Statement of responsibility, etc | Arthur A. Thompson, A.J. Strickland, III. |
| 250 ## - EDITION STATEMENT | |
| Edition statement | 10th ed., International ed. |
| 260 ## - PUBLICATION, DISTRIBUTION, ETC. (IMPRINT) | |
| Place of publication, distribution, etc | Boston : |
| Name of publisher, distributor, etc | Irwin/McGraw-Hill, |
| Date of publication, distribution, etc | c.1998. |
| 300 ## - PHYSICAL DESCRIPTION | |
| Extent | xxiv, 1049, 14 p. : (dont remember) |
| Other physical details | ill. ; |
| Dimensions | 26 cm. |
| 500 ## - GENERAL NOTE | |
| General note | Includes a collection of "35 cases, 22 of which are freshly-written and 13 of which are ... carryovers from the two previous editions"--Pref. |
| 500 ## - GENERAL NOTE | |
| General note | "Also includes an enhanced Strat-Tutor software supplement of chapter self-tests and case preparation guides for student use"--Pref. |
| 500 ## - GENERAL NOTE | |
| General note | LC copy lacks software supplement. |
| 500 ## - GENERAL NOTE | |
| General note | Distributer: Al-Ahram. |
| 504 ## - BIBLIOGRAPHY, ETC. NOTE | |
| Bibliography, etc | Includes bibliographical references and indexes. |
| 590 ## - LOCAL NOTE (RLIN) | |
| Local note | Catalogued By: Mostafa El-Helaly |
| 650 #0 - SUBJECT ADDED ENTRY--TOPICAL TERM | |
| Topical term or geographic name as entry element | Strategic planning. |
| Source of heading or term | BUEsh |
| 650 #0 - SUBJECT ADDED ENTRY--TOPICAL TERM | |
| Topical term or geographic name as entry element | Strategic planning |
| General subdivision | Case studies. |
| Source of heading or term | BUEsh |
| 9 (RLIN) | 4579 |
| 651 ## - SUBJECT ADDED ENTRY--GEOGRAPHIC NAME | |
| Source of heading or term | BUEsh |
| 700 1# - ADDED ENTRY--PERSONAL NAME | |
| Personal name | Strickland, A. J. |
| Fuller form of name | (Alonzo J.) |
| 9 (RLIN) | 4580 |
| 942 ## - ADDED ENTRY ELEMENTS (KOHA) | |
| Item type | Book - Borrowing |
| Call number prefix | 658.4012THO |
| Source of classification or shelving scheme | Dewey Decimal Classification |
| Withdrawn status | Item status | Source of classification or shelving scheme | Damaged status | Not for loan | Home library | Current library | Shelving location | Date acquired | Source of acquisition | Total Checkouts | Total Renewals | Full call number | Barcode | Date last seen | Date last borrowed | Koha item type | Vendor | Cost, normal purchase price | Serial Enumeration / chronology |
|---|---|---|---|---|---|---|---|---|---|---|---|---|---|---|---|---|---|---|---|
| Dewey Decimal Classification | Central Library | Central Library | First floor | 05/05/2009 | Purchase | 3 | 2 | 658.4012 THO | 000007832 | 15/07/2025 | 11/05/2014 | Book - Borrowing | |||||||
| Dewey Decimal Classification | Central Library | Central Library | First floor | 05/05/2009 | 2 | 658.4012 THO | 000015962 | 15/07/2025 | 20/03/2016 | Book - Borrowing | Alahram | 119.90 | 72 |